| 000 | 01063nmc a2200337 a 4500 | ||
|---|---|---|---|
| 003 | AR-BaBNM | ||
| 005 | 20251128211653.0 | ||
| 008 | 176020s2003 ||||||||||||||000 | spa|| | ||
| 020 | _a84-8063-577-0 | ||
| 040 | _cAR-BaBNM | ||
| 100 | 1 | _aLópez Ocaña, Antonio María | |
| 245 | 1 | 0 |
_aLa atención a la diversidad en la educación secundaria obligatoria _bla experiencia del IES Fernando de los Ríos de Fuente Vaqueros, Granada |
| 250 | _a1ª ed. | ||
| 260 |
_aBarcelona _bOctaedro _c2003 |
||
| 300 | 0 | _a285 p. | |
| 490 | 0 |
_aBiblioteca latinoamericana _vv. 13 |
|
| 650 | 4 | _aINTEGRACION ESCOLAR | |
| 651 | 4 | _aEspaña | |
| 653 | 0 | _aEDUCACION EN LA DIVERSIDAD | |
| 653 | 0 | _aEDUCACION SECUNDARIA | |
| 653 | 0 | _aPROYECTO INSTITUCIONAL | |
| 653 | 0 | _aPROYECTOS CURRICULARES | |
| 653 | 0 | _aADAPTACIONES CURRICULARES | |
| 653 | 0 | _aEXPERIENCIAS EDUCATIVAS | |
| 653 | 0 | _aNECESIDADES EDUCATIVAS ESPECIALES | |
| 700 | 1 | _aZafra Jiménez, Manuel | |
| 800 | 1 | _aEsteve, José Manuel | |
| 800 | 1 | _aPérez, Angel I. | |
| 942 | _cBK | ||
| 998 | _cme-solo cat | ||
| 999 |
_c20638 _d20638 |
||